| 000 | 00340 a2200133 4500 | ||
|---|---|---|---|
| 001 | 90438 | ||
| 082 | _aPR 926 | ||
| 090 |
_c42770 _d42770 |
||
| 100 | _aJawad A Toor | ||
| 245 |
_acaliberation of subsonic wind tunnel _nG-24 |
||
| 260 |
_aKarachi _bNED University _c1988 |
||
| 300 |
_aviii, 52 p. _bhand written |
||
| 500 | _aBE Project Reports | ||
| 942 |
_aCAE NUST _kPR 926 |
||
| 999 |
_c325511 _d325511 |
||